书目信息 |
| 书名: | Jazz styles | |
| 作者: | Mark C. Gridley. | |
| 分册号: | ||
| 分册名: | 出版地: | Englewood Cliffs, N.J. : |
|
| 出版社: | Prentice Hall | |
| 出版时间: | c1994. | |
| 页数: | xxii, 442 p. : | |
| 开本: | 26 cm. + | |
| 丛书名: | ||
| 中图分类号: | ||
| 科图分类号: | ||
| 其他分类号: | J632.5 | |
| 主题词: | ||
| 电子资源: | ||
| 000 | 01367pam a2200361 a 450 | |
| 001 | E0730291656 | |
| 005 | 20070506082543.01 | |
| 008 | 930319s1994 njuam b 001 0deng | |
| 010 | @a93010391 | |
| 020 | @a0131759698 (2 cassettes). | |
| 020 | @a0131022458 (text only). | |
| 020 | @a0131759779 (1 cassette). | |
| 035 | @A(DLC) 93010391 | |
| 040 | @aDLC@cDLC@dDLC | |
| 043 | @an-us--- | |
| 050 | 00 | @aML3506@b.G74 1994 |
| 050 | 00 | @aRYH 9483-9484 |
| 082 | 00 | @a781.65@2 20 |
| 090 | @aJ632.5 | |
| 099 | @dJ632.5@ex27=5 | |
| 100 | 1 | @aGridley, Mark C.,@d1947- |
| 245 | 10 | @aJazz styles :@bhistory & analysis / @cMark C. Gridley. |
| 250 | @a5th ed. | |
| 260 | @aEnglewood Cliffs, N.J. :@bPrentice Hall,@cc1994. | |
| 300 | @axxii, 442 p. :@bill. ;@c26 cm. +@e2 sound cassettes (analog). | |
| 504 | @aIncludes bibliographical references (p. 406-411) and index. | |
| 590 | @aAccompanying sound recordings shelved in the Recorded Sound Section of the Motion Picture, Broadcasting, and Recorded Sound Division. | |
| 650 | 0 | @aJazz@xAnalysis, appreciation. |
| 650 | 0 | @aStyle, Musical. |
| 650 | 0 | @aJazz musicians. |
| 906 | @a7@bcbc@corignew@d1@eocip@f19@gy-gencatlg | |
| 955 | @apc14 to vp00 03-19-93; vl25 03-22-93; vl19 03-22-93; aa21 03-23-93; CIP ver. vl15 11-01-93 | |
| 991 | @bc-Music@hML3506@i.G74 1994@tCopy 1@mPhon Case@wBOOKS | |
| Jazz styles : : history & analysis / / Mark C. Gridley.-5th ed.-Englewood Cliffs, N.J. : : Prentice Hall, , c1994. |
| xxii, 442 p. : : ill. ; ; 26 cm. + + 2 sound cassettes (analog). |
| Includes bibliographical references (p. 406-411) and index.-Accompanying sound recordings shelved in the Recorded Sound Section of the Motion Picture, Broadcasting, and Recorded Sound Division. |
| ISBN 0131759698 (2 cassettes). |
| ● |
| 相关链接 |
|
|
|
|
正题名:Jazz styles
索取号:J632.5/x27=5
 
预约/预借
| 序号 | 登录号 | 条形码 | 馆藏地/架位号 | 状态 | 备注 |
| 1 | 0006798 | 300067987 | 第二样本阅览室/ [索取号:J632.5/x27=5] | 在馆 |